History Quiz

Random History or Century Quiz

20th Century: '60s or '70s? Quiz Stats

 Plays Quiz Updated Jul 1, 2016

Challenge
Share
Tweet
Embed
Score 0/30 Timer 05:00
1 Play Today
Event (6)0s or (7)0s % Correct
Beatles formed???
97.7%
Neil Armstrong became first man on the moon???
97.6%
'I Have a Dream' speech - Martin Luther King, Jr. ???
97.1%
JFK assassinated???
96.1%
First 'Star Wars' movie released???
95.6%
US pulled out of Vietnam???
92.9%
Cuban missile crisis???
92.5%
Sony introduced the Walkman???
92%
Microsoft founded???
91.4%
Elvis Presley found dead???
90.8%
Alfred Hitchcock's 'Psycho' released???
90.3%
US President Nixon resigned???
89.2%
Berlin Wall built???
88.5%
Woodstock Festival???
87.8%
Margaret Thatcher became Prime Minister of UK???
87.1%
Event (6)0s or (7)0s % Correct
Ayatollah Khomeini returned as leader of Iran???
86.9%
Mary Quant introduced the miniskirt???
84.4%
'Saturday Night Live' premiered???
83.6%
Terrorist attack at the Olympic Games in Munich???
83%
Pink Floyd released 'The Dark Side of the Moon'???
80.5%
Mao Zedong launched the Cultural Revolution???
76.4%
'M*A*S*H' TV show premiered???
75.1%
'Star Trek' TV show premiered???
71.6%
Lasers invented???
69.1%
First US space station, Skylab, launched???
68.6%
Sears Tower completed???
57.5%
Khmer Rouge Army took control of Phnom Penh???
55.4%
First heart transplant???
48.7%
ARPANET, the precursor of the internet, created???
39.9%
Japan's first bullet train line opened???
29.2%

You're not logged in!

Compare scores with friends on all Sporcle quizzes.
Join for Free
OR
Log In

You Might Also Like...

Show Comments

Extras

Top Quizzes Today


Score Distribution

Your Account Isn't Verified!

In order to create a playlist on Sporcle, you need to verify the email address you used during registration. Go to your Sporcle Settings to finish the process.

Report this User

Report this user for behavior that violates our Community Guidelines.

Details: